000 00334nam a2200145 i 4500
001 bg
100 1 _aCELMER, Zuzanna
245 0 _aCzłowiek na całe życie /
_cZ. Celmer.
260 _aWarszawa,
_c1985.
040 _cBPK
041 _apol
080 _a159.9:316:613.88
942 _cKS
008 s pl f |000 0 pol
999 _c2633
_d2633
856 _uhttp://koha.tu.koszalin.pl/cgi-bin/koha/opac-detail.pl?biblionumber=2633
_yKatalog online BPK